| 000 | 00628nam a2200217 i 4500 | ||
|---|---|---|---|
| 001 | 171910 | ||
| 003 | ES-MaACL | ||
| 005 | 20230906214750.0 | ||
| 008 | 090608s1966 sp |||| | spa d | ||
| 080 | _a330.84/.86"18" | ||
| 100 | 0 |
_aRama, Carlos M. _995058 |
|
| 245 | 1 | 4 |
_aLas ideas socialistas en el siglo XIX / _cCarlos M. Rama. |
| 250 | _a4ª ed. rev. | ||
| 260 |
_aBuenos Aires : _bIguazú, _c[1966] |
||
| 300 |
_a283 p. ; _c18 cm. |
||
| 490 | 1 |
_aDocumentos ; _v13 |
|
| 650 | 4 |
_aSocialismo- _yS.XIX. _9140537 |
|
| 830 | 0 |
_aDocumentos ; _v13 _9177791 |
|
| 852 |
_aES-MaACL _jG-10691 _9R.144906 |
||
| 999 |
_c171910 _d171910 |
||